000
00337nam a2200145Ia 4500
008
230718s9999 xx 000 0 und d
041
_a
Eng.
082
_a
349.5491
_b
M.M-I
100
_a
m.mehmood
245
0
_a
interpertion of status
260
_a
Pakistan
_b
Al qanoon publisher
_c
2021
300
_a
626
650
_a
Law
999
_c
33039
_d
33039